| 000 | 00995nam a2200241 a 4500 | ||
|---|---|---|---|
| 001 | 000022068 | ||
| 003 | DO-SdBNP | ||
| 005 | 20240418134113.0 | ||
| 008 | 100916s1995 dr a 001 0 spa d | ||
| 040 |
_aDO-SdBNP _bspa _cBNPHU |
||
| 082 |
_a323.34 _bS471t |
||
| 111 | 2 |
_aSeminario taller sobre la dignidad y misión de la mujer _d(1994 jun.-jul. 27-4 : _cSanto Domingo, República Dominicana) _945718 |
|
| 245 | 1 | 0 | _aSeminario taller. |
| 260 |
_aSanto Domingo : _bCONDOR, _c1995. _fAmigo del Hogar |
||
| 300 |
_a66 p. : _bil. ; _c22 cm. |
||
| 590 | _aInventariado, 2018/BT | ||
| 650 | 4 |
_aDerechos de la mujer _xCongresos, conferencias, etc. _945719 |
|
| 650 | 4 |
_aMujeres _xSituación legal _zCaribe (Región} _xCongresos, conferencias, etc. _945720 |
|
| 650 | 4 |
_aMujeres _xCuestiones sociales y morales _zCaribe (Región} _xCongresos, conferencias, etc. _945721 |
|
| 710 | 2 |
_aConferencia Dominicana de Religiosos (CONDOR) _945722 |
|
| 910 | _aValidado. Control de calidad. EMS | ||
| 942 |
_2ddc _cLBS1 |
||
| 999 |
_c21566 _d21566 |
||